000 01107nam a2200205Ii 4500
003 JO-AjNU
008 230605s9999||||xx |||||||||||||| ||und||
017 _a2016/8/4042
040 _aJO-AjNU
_bara
_erda
_cJO-AjNU
041 _aara
050 1 4 _aDS154.53.W37 2016
100 3 _aعبدالله بن الحسين ملك الاردن، 1921-1951؛ إشراف محمد عدنان البخيت؛ جمع وإعداد هند غسان أبو الشعر؛ المتابعة والتنسيق باسل غازي الجغامين,
_eauthor
_956963
245 0 0 _aالوثائق الهاشمية: أوراق عبدالله بن الحسين:سوريا الكبرى، مج 3
264 3 1 _aالجامعة الاردنية: مركز الوثائق والمخطوطات ودراسات بلاد الشام، 2016
300 _aمج3 ، 351ص
_bالكشافات ص 316-344 ؛ الملاحق ص 346-351
336 _atext
_btxt
_2rdacontent
337 _aunmediated
_bn
_2rdamedia
338 _avolume
_bnc
_2rdacarrier
650 4 _aالاردن - تاريخ - عبدالله بن الحسين الاول - وثائق
_956964
999 _aA25499
_c29067
_d29067